Statistics for Weather and Climate Vocabulary

Click here to take the quiz!

General Stats

  • This quiz has been taken 27,359 times
  • The average score is 14 of 20

Answer Stats

DefinitionWord% Correct
Severe snowstormBlizzard
95%
Prolonged period of dry weatherDrought
95%
Branch of science dealing with weather forecasting{Meteor}ology
95%
Metal that can be found inside thermometersMercury
94%
Layer of the atmosphere, with high levels of O3, that blocks UV radiationOzone
88%
Gas, emitted by cows, that contributes to global warmingMethane
86%
Device used to measure air pressureBarometer
84%
Region of calm weather at the center of a tropical cycloneEye
83%
Second lowest layer of the atmosphere, beginning 8-18 km above the surface{Strat}osphere
83%
Tropical cyclone that occurs in the western Pacific or Indian oceansTyphoon
81%
Seasonal shift in wind direction, bringing wet or dry air, especially in IndiaMonsoon
80%
Measure of the amount of water vapor in the airHumidity
77%
Term for when clouds obscure at least 95% of the skyOvercast
70%
Sustained winds of 50-102 km/hGale
63%
Brief, light snow showerFlurry
62%
Boundary between two different air massesFront
60%
Wispy cloud that forms at high altitudeCirrus
59%
Type of cloud that produces thunderstormsCumulonimbus
50%
Term for when, contrary to normal, temperature increases with altitudeInversion
21%
Measure of how much sunlight is reflectedAlbedo
16%

Score Distribution

Percentile by Number Answered

Percent of People with Each Score

Your Score History

You have not taken this quiz